| 000 | 00624nam a22001937a 4500 | ||
|---|---|---|---|
| 005 | 20251108165407.0 | ||
| 008 | 250721s9999 xx 000 0 ara d | ||
| 082 | 1 | 4 | _aم/924.15/طيب |
| 100 | 1 | _aأبو الطيب اللغوي، عبد الواحد بن علي الحلبي | |
| 245 | 1 | 0 | _aمراتب النحويين / |
| 264 | 1 |
_aالقاهرة : _bدار الفكر العربي، _c[19-]. |
|
| 300 | _a190ص | ||
| 650 | 1 | 7 | _aالنحويون |
| 650 | 1 | 7 | _aالتراجم |
| 650 | 1 | 7 | _aاللغويون |
| 700 | 1 |
_aإبراهيم، محمد أبو الفضل _eتحقيق |
|
| 942 |
_2ddc _cREF |
||
| 999 |
_c26853 _d26853 |
||